| 000 | 00775nam a2200229Ii 4500 | ||
|---|---|---|---|
| 003 | JO-AjNU | ||
| 008 | 230605s9999||||xx |||||||||||||| ||und|| | ||
| 017 | _a2012/9/3297 | ||
| 020 | _a978-9957-92-012-8 | ||
| 040 |
_aJO-AjNU _bara _erda _cJO-AjNU |
||
| 041 | _aara | ||
| 050 | 1 | 4 | _aHF 5657 2013 |
| 100 | 3 |
_aتأليف Sawyers, Jackson, Jenkins؛ ترجمة نضال محمود الرمحي, _eauthor _943135 |
|
| 245 | 0 | 0 | _aالمحاسبة الادارية = Managerial Accounting |
| 250 | _aط1 | ||
| 264 | 3 | 1 | _aعمان:دار الفكر للنشر والتوزيع،ى 2013 |
| 300 | _a395ص | ||
| 336 |
_atext _btxt _2rdacontent |
||
| 337 |
_aunmediated _bn _2rdamedia |
||
| 338 |
_avolume _bnc _2rdacarrier |
||
| 650 | 4 |
_aالمحاسبة الادارية _943136 |
|
| 999 |
_aA18522 _c22090 _d22090 |
||